[Event "Badalona op-B 42nd"]
[Site "Badalona"]
[Date "2016.08.09"]
[Round "8"]
[White "Ros Montes, Daniel"]
[Black "Delgado Camara, Lluis Felix"]
[Result "1/2-1/2"]
[WhiteElo "1885"]
[BlackElo "1792"]
[PlyCount "74"]
[EventDate "2016.08.02"]
[EventType "swiss"]
[EventRounds "9"]
[EventCountry "ESP"]
[SourceTitle "CBM 174 Extra"]
[Source "ChessBase"]
[SourceDate "2016.10.10"]
[SourceVersion "1"]
[SourceVersionDate "2016.10.10"]
[SourceQuality "1"]

1. e4 e6 2. d4 d5 3. Nd2 Nf6 4. e5 Nfd7 5. Bd3 c5 6. c3 Nc6 7. Ne2 cxd4 8. cxd4 f6 9. Nf4 Nxd4 10. Qh5+ Ke7 11. exf6+ Nxf6 12. Ng6+ hxg6 13. Qxh8 Kf7 14. 0-0 e5 15. Nb3 Nxb3 16. axb3 e4 17. Be2 d4 18. Bc4+ Be6 19. Qh3 Nd5 20. Bxd5 Qxd5 21. Qg3 Bb4 22. Rd1 a6 23. Bd2 Be7 24. Rac1 Qh5 25. Qf4+ Bf5 26. f3 e3 27. g4 Qg5 28. Bxe3 dxe3 29. Qxg5 Bxg5 30. Rc7+ Kg8 31. gxf5 Re8 32. Re1 gxf5 33. Re2 Bf6 34. Kf1 b6 35. Rc6 Bd4 36. Rd6 Bc5 37. Rg6 Kf7 1/2-1/2

[Event "Barcelona Tres Peons-E 45th"]
[Site "Barcelona"]
[Date "2016.06.03"]
[Round "8.4"]
[White "Ros Montes, Daniel"]
[Black "Bieg Pagel, Clemens"]
[Result "0-1"]
[WhiteElo "1833"]
[BlackElo "1880"]
[PlyCount "52"]
[EventDate "2016.04.15"]
[EventType "swiss"]
[EventRounds "9"]
[EventCountry "ESP"]
[SourceTitle "EXT 2024"]
[Source "ChessBase"]
[SourceDate "2023.10.10"]
[SourceVersion "1"]
[SourceVersionDate "2023.10.10"]
[SourceQuality "1"]

1. c4 c5 2. Nc3 b6 3. e4 Bb7 4. g3 Nf6 5. Bg2 e6 6. Nge2 Be7 7. 0-0 Qc8 8. b3 d6 9. d4 cxd4 10. Nxd4 a6 11. Be3 Nbd7 12. f3 0-0 13. Nc2 b5 14. Qd2 bxc4 15. bxc4 Ne5 16. Na3 d5 17. Bd4 Nxc4 18. Nxc4 dxc4 19. Na4 Rd8 20. Qc3 Qc6 21. Rab1 Rd7 22. Bxf6 Bxf6 23. Qc2 Rad8 24. Rfc1 c3 25. Nxc3 Qc5+ 26. Kf1 Rd2 0-1

[Event "Foment Martinenc op-A 18th"]
[Site "Barcelona"]
[Date "2016.05.28"]
[Round "6"]
[White "Ros Montes, Daniel"]
[Black "Delgado Montanes, Jose Antonio"]
[Result "0-1"]
[WhiteElo "1833"]
[BlackElo "2067"]
[PlyCount "64"]
[EventDate "2016.04.23"]
[EventType "swiss"]
[EventRounds "9"]
[EventCountry "ESP"]
[SourceTitle "EXT 2017"]
[Source "ChessBase"]
[SourceDate "2016.10.25"]
[SourceVersion "1"]
[SourceVersionDate "2016.10.25"]
[SourceQuality "1"]

1. c4 c6 2. g3 d5 3. Bg2 Nf6 4. Nf3 Bg4 5. Qb3 Qb6 6. Nc3 e6 7. d4 Nbd7 8. h3 Bxf3 9. Bxf3 Qxb3 10. axb3 Be7 11. Bf4 0-0 12. 0-0 Rfd8 13. c5 Ne8 14. e4 dxe4 15. Nxe4 Ndf6 16. Rfd1 Nxe4 17. Bxe4 Nf6 18. Bf3 Nd5 19. Bd2 Bf6 20. Ra4 a6 21. Be3 Rd7 22. h4 h6 23. Rd2 Rad8 24. Bxd5 Rxd5 25. Kf1 g5 26. hxg5 hxg5 27. Ke2 Kg7 28. f4 g4 29. Rd3 Kg6 30. Kd2 Rh8 31. Ra1 Rh2+ 32. Kc3 Rxc5+ 0-1

[Event "Foment Martinenc op-A 18th"]
[Site "Barcelona"]
[Date "2016.05.21"]
[Round "5"]
[White "Franzoni Ladron, Enric"]
[Black "Ros Montes, Daniel"]
[Result "0-1"]
[WhiteElo "1882"]
[BlackElo "1833"]
[PlyCount "72"]
[EventDate "2016.04.23"]
[EventType "swiss"]
[EventRounds "9"]
[EventCountry "ESP"]
[SourceTitle "EXT 2017"]
[Source "ChessBase"]
[SourceDate "2016.10.25"]
[SourceVersion "1"]
[SourceVersionDate "2016.10.25"]
[SourceQuality "1"]

1. e4 e6 2. d4 d5 3. Nc3 Nf6 4. e5 Nfd7 5. f4 c5 6. Nf3 Nc6 7. Be3 Be7 8. Qd2 0-0 9. Be2 b6 10. f5 cxd4 11. Nxd4 Ndxe5 12. fxe6 fxe6 13. 0-0-0 Nxd4 14. Bxd4 Bg5 15. Be3 Bxe3 16. Qxe3 Ng6 17. Bg4 Qd6 18. g3 Ne5 19. Be2 Bd7 20. Rhe1 Rac8 21. Ba6 Nc4 22. Qd4 Qb4 23. Nxd5 exd5 24. Qxd5+ Rf7 25. Qd4 Rc7 26. Re3 Qa4 27. Bxc4 Qxc4 28. Qd2 Qxa2 29. Ra3 Qc4 30. Rc3 Qa4 31. Kb1 Rxc3 32. Qxc3 Qc6 33. Qd3 Rf2 34. Qb3+ Be6 35. Rd8+ Kf7 36. Qd3 Qh1+ 0-1

[Event "Barcelona Tres Peons-E 45th"]
[Site "Barcelona"]
[Date "2016.05.13"]
[Round "5.1"]
[White "Ros Montes, Daniel"]
[Black "Corominas Garrido, Jordi"]
[Result "0-1"]
[WhiteElo "1833"]
[BlackElo "1962"]
[PlyCount "80"]
[EventDate "2016.04.15"]
[EventType "swiss"]
[EventRounds "9"]
[EventCountry "ESP"]
[SourceTitle "EXT 2024"]
[Source "ChessBase"]
[SourceDate "2023.10.10"]
[SourceVersion "1"]
[SourceVersionDate "2023.10.10"]
[SourceQuality "1"]

1. c4 c6 2. g3 e5 3. d4 exd4 4. Qxd4 Qf6 5. Qe4+ Qe6 6. Qc2 Nf6 7. Bh3 Qe4 8. Qxe4+ Nxe4 9. Bf5 Bb4+ 10. Nd2 Nxd2 11. Bxd2 Bxd2+ 12. Kxd2 0-0 13. Rd1 Na6 14. Kc1 Rd8 15. Rd6 g6 16. Bh3 Nc5 17. f3 b6 18. e4 Nb7 19. Rd2 d6 20. Kb1 Be6 21. Bxe6 fxe6 22. Ne2 e5 23. b4 Kf7 24. Nc3 Ke6 25. Rhd1 Rd7 26. Kc2 Rf8 27. Rd3 Rdf7 28. Rf1 g5 29. Ne2 h6 30. g4 a5 31. a3 b5 32. cxb5 axb4 33. axb4 c5 34. Ng3 cxb4 35. Nf5 Rc7+ 36. Kb2 Rc5 37. Rc1 Rfc8 38. Rxc5 Rxc5 39. Kb3 Rxb5 40. Kc4 Rb6 0-1

[Event "Foment Martinenc op-A 18th"]
[Site "Barcelona"]
[Date "2016.05.07"]
[Round "3"]
[White "Gonzalez Muelas, Javier"]
[Black "Ros Montes, Daniel"]
[Result "0-1"]
[WhiteElo "1711"]
[BlackElo "1833"]
[PlyCount "50"]
[EventDate "2016.04.23"]
[EventType "swiss"]
[EventRounds "9"]
[EventCountry "ESP"]
[SourceTitle "EXT 2017"]
[Source "ChessBase"]
[SourceDate "2016.10.25"]
[SourceVersion "1"]
[SourceVersionDate "2016.10.25"]
[SourceQuality "1"]

1. e4 e6 2. d4 d5 3. Nc3 Nf6 4. e5 Nfd7 5. f4 c5 6. Nf3 Nc6 7. Be3 Be7 8. Be2 0-0 9. 0-0 cxd4 10. Nxd4 Nc5 11. Kh1 f6 12. f5 fxe5 13. Nxe6 Nxe6 14. Nxd5 Ned4 15. Bc4 Kh8 16. g4 b5 17. Nxe7 Qxe7 18. Bd5 Rd8 19. Be4 Bb7 20. c3 Nxf5 21. Qf3 Nxe3 22. Qxe3 Na5 23. Rae1 Nc4 24. Qf3 Nd2 25. Qg2 Nxe4 0-1

[Event "Barcelona Tres Peons-E 45th"]
[Site "Barcelona"]
[Date "2016.05.06"]
[Round "4.5"]
[White "Solsona Olive, Xavier"]
[Black "Ros Montes, Daniel"]
[Result "0-1"]
[WhiteElo "1893"]
[BlackElo "1833"]
[PlyCount "58"]
[EventDate "2016.04.15"]
[EventType "swiss"]
[EventRounds "9"]
[EventCountry "ESP"]
[SourceTitle "EXT 2024"]
[Source "ChessBase"]
[SourceDate "2023.10.10"]
[SourceVersion "1"]
[SourceVersionDate "2023.10.10"]
[SourceQuality "1"]

1. e4 e6 2. Nf3 d5 3. Nc3 Nf6 4. e5 Nfd7 5. d3 c5 6. Bf4 Nc6 7. Qe2 Be7 8. h4 Qa5 9. Bd2 Qc7 10. Bf4 Nd4 11. Nxd4 cxd4 12. Nd1 Bb4+ 13. Bd2 Bxd2+ 14. Qxd2 Qxe5+ 15. Be2 0-0 16. f4 Qd6 17. g4 e5 18. f5 e4 19. dxe4 dxe4 20. Rh3 Re8 21. a3 b6 22. Qb4 Nc5 23. Nf2 a5 24. Qc4 Ba6 25. Qa2 Bxe2 26. Kxe2 d3+ 27. Kf1 e3 28. Nxd3 Nxd3 29. cxd3 Qf4+ 0-1

[Event "Barcelona Sant Marti op-B 17th"]
[Site "Barcelona"]
[Date "2015.07.19"]
[Round "7"]
[White "Riera Danes, Manel"]
[Black "Ros Montes, Daniel"]
[Result "1/2-1/2"]
[WhiteElo "1996"]
[BlackElo "2039"]
[PlyCount "54"]
[EventDate "2015.07.13"]
[EventType "swiss"]
[EventRounds "9"]
[EventCountry "ESP"]
[SourceTitle "EXT 2016"]
[Source "ChessBase"]
[SourceDate "2015.10.08"]
[SourceVersion "1"]
[SourceVersionDate "2015.10.08"]
[SourceQuality "1"]

1. e4 e5 2. Nf3 Nc6 3. d4 exd4 4. Nxd4 Nf6 5. Nc3 Bb4 6. Nxc6 Bxc3+ 7. bxc3 dxc6 8. Bd3 0-0 9. 0-0 c5 10. Qf3 Bg4 11. Qg3 Qd7 12. h3 Bh5 13. c4 Bg6 14. Bb2 Rfe8 15. Rae1 Qc6 16. f4 Nxe4 17. Bxe4 Rxe4 18. f5 Rxc4 19. fxg6 Qxg6 20. Qxg6 hxg6 21. Rf2 Kf8 22. Rd1 f6 23. Rd7 Rc8 24. Re2 Re8 25. Red2 Re7 26. Rd8+ Re8 27. R8d3 Rce4 1/2-1/2

[Event "Barcelona Sant Marti op-B 17th"]
[Site "Barcelona"]
[Date "2015.07.17"]
[Round "5"]
[White "Perez Garcia, Jose Miguel"]
[Black "Ros Montes, Daniel"]
[Result "1/2-1/2"]
[WhiteElo "2028"]
[BlackElo "2039"]
[PlyCount "84"]
[EventDate "2015.07.13"]
[EventType "swiss"]
[EventRounds "9"]
[EventCountry "ESP"]
[SourceTitle "EXT 2016"]
[Source "ChessBase"]
[SourceDate "2015.10.08"]
[SourceVersion "1"]
[SourceVersionDate "2015.10.08"]
[SourceQuality "1"]

1. d4 Nf6 2. Nf3 e6 3. g3 d5 4. Bg2 b6 5. 0-0 Bb7 6. c4 Be7 7. Ne5 Nbd7 8. Nc3 Nxe5 9. dxe5 Ne4 10. Qa4+ Qd7 11. Qxd7+ Kxd7 12. cxd5 exd5 13. Nxe4 dxe4 14. Bf4 Rhd8 15. Rac1 c5 16. Rc4 Bd5 17. Rd1 Ke8 18. Rcc1 Bb7 19. Kf1 Rxd1+ 20. Rxd1 Rd8 21. Rxd8+ Kxd8 22. h4 Bd5 23. a3 b5 24. f3 exf3 25. Bxf3 Bxf3 26. exf3 Kd7 27. Ke2 Kc6 28. Bd2 Kd5 29. Ke3 b4 30. f4 a5 31. axb4 cxb4 32. b3 Bc5+ 33. Kf3 Bd4 34. h5 a4 35. bxa4 b3 36. Bc1 b2 37. Bxb2 Bxb2 38. Kg4 Ke6 39. Kf3 Bc3 40. Ke4 Be1 41. f5+ Ke7 42. g4 Bd2 1/2-1/2

[Event "Barcelona Primavera La Lira op 8th"]
[Site "Barcelona"]
[Date "2015.06.04"]
[Round "9"]
[White "Flores Linan, Josep Luis"]
[Black "Ros Montes, Daniel"]
[Result "0-1"]
[WhiteElo "1859"]
[BlackElo "2010"]
[PlyCount "124"]
[EventDate "2015.04.09"]
[EventType "swiss"]
[EventRounds "9"]
[EventCountry "ESP"]
[SourceTitle "CBM 166 Extra"]
[Source "ChessBase"]
[SourceDate "2015.06.18"]
[SourceVersion "1"]
[SourceVersionDate "2015.06.18"]
[SourceQuality "1"]

1. d4 Nf6 2. c4 e6 3. Nf3 Bb4+ 4. Bd2 Qe7 5. g3 0-0 6. Bg2 Nc6 7. 0-0 d5 8. cxd5 exd5 9. Nc3 Re8 10. Re1 Bxc3 11. bxc3 Ne4 12. Qb3 Be6 13. Qxb7 Na5 14. Qb4 Nc4 15. Qxe7 Rxe7 16. Bf4 Nxc3 17. Nd2 Na3 18. Rac1 Nxa2 19. Rxc7 Rxc7 20. Bxc7 Nc2 21. Rb1 Nc3 22. Rb2 Nxe2+ 23. Kf1 Nexd4 24. Nb1 Rc8 25. Ba5 Nf5 26. Bc3 Na3 27. Nxa3 Rxc3 28. Rb8+ Rc8 29. Rxc8+ Bxc8 30. Bxd5 Kf8 31. Be4 g6 32. Ke2 Nd6 33. Bd5 Ke7 34. Kd2 Be6 35. Bc6 Nc4+ 36. Nxc4 Bxc4 37. Kc3 Kd6 38. Ba4 Kc5 39. f4 f6 40. Bc2 a5 41. Ba4 Bb5 42. Bb3 a4 43. Bg8 h6 44. Bf7 g5 45. fxg5 fxg5 46. h4 Bc6 47. hxg5 hxg5 48. Be6 Bd5 49. Bd7 a3 50. Bf5 a2 51. Kb2 Kd4 52. Bd7 Ke3 53. Bf5 Kf3 54. g4 Kf4 55. Ka1 Bf3 56. Kxa2 Bxg4 57. Bd3 Bf3 58. Kb2 g4 59. Kc1 Ke3 60. Bf5 g3 61. Bh3 Bg4 62. Bg2 Kf2 0-1

[Event "Foment Martinenc op-A 17th"]
[Site "Barcelona"]
[Date "2015.05.02"]
[Round "2"]
[White "Asensio Linan, Teodoro"]
[Black "Ros Montes, Daniel"]
[Result "1/2-1/2"]
[WhiteElo "2145"]
[BlackElo "2010"]
[PlyCount "98"]
[EventDate "2015.04.25"]
[EventType "swiss"]
[EventRounds "9"]
[EventCountry "ESP"]
[SourceTitle "EXT 2017"]
[Source "ChessBase"]
[SourceDate "2016.10.25"]
[SourceVersion "1"]
[SourceVersionDate "2016.10.25"]
[SourceQuality "1"]

1. e4 e6 2. d4 d5 3. Nd2 Nf6 4. e5 Nfd7 5. f4 c5 6. c3 Nc6 7. Ndf3 Qb6 8. Ne2 cxd4 9. cxd4 Be7 10. g3 0-0 11. Kf2 f6 12. Kg2 fxe5 13. fxe5 Rf7 14. Nf4 Nf8 15. h4 Bd7 16. Rb1 Rc8 17. Be3 Na5 18. b3 Bb5 19. Nd3 Nd7 20. Be2 Nc6 21. Rc1 Rcf8 22. Nf4 Bxe2 23. Qxe2 Nb4 24. a3 Na6 25. b4 Nc7 26. Rxc7 Qxc7 27. Nxe6 Qc3 28. Nxf8 Nxf8 29. Bc1 Ne6 30. Qe3 Qc2+ 31. Bd2 Qe4 32. Re1 Qg4 33. Rf1 Nf4+ 34. Kf2 Nh3+ 35. Kg2 Nf4+ 36. Qxf4 Rxf4 37. Bxf4 h6 38. Rc1 Qd7 39. Rc3 Kf7 40. Kf2 Qd8 41. Rc7 Ke6 42. Rxb7 a5 43. Bd2 axb4 44. Bxb4 Bxb4 45. axb4 Qc8 46. Rxg7 Qc2+ 47. Ke3 Qe4+ 48. Kf2 Qc2+ 49. Ke3 Qe4+ 1/2-1/2

[Event "Barcelona La Lira op 33rd"]
[Site "Barcelona"]
[Date "2015.02.06"]
[Round "4"]
[White "Ros Montes, Daniel"]
[Black "Costa Trave, Jaume"]
[Result "1-0"]
[WhiteElo "1840"]
[BlackElo "1957"]
[PlyCount "146"]
[EventDate "2015.01.16"]
[EventType "swiss"]
[EventRounds "9"]
[EventCountry "ESP"]
[SourceTitle "EXT 2016"]
[Source "ChessBase"]
[SourceDate "2015.10.08"]
[SourceVersion "1"]
[SourceVersionDate "2015.10.08"]
[SourceQuality "1"]

1. c4 c6 2. g3 d5 3. Bg2 e5 4. cxd5 cxd5 5. d3 Nc6 6. Nc3 d4 7. Nd5 Be6 8. Qb3 Nb4 9. Qa4+ Bd7 10. Qb3 Bc6 11. e4 dxe3 12. Nxe3 Bxg2 13. Nxg2 Rc8 14. Ke2 a6 15. Nf3 Rc2+ 16. Bd2 Qd5 17. Qxd5 Nxd5 18. Nxe5 Bb4 19. Nf3 Rxb2 20. a3 Bxd2 21. Nxd2 Ngf6 22. Ne3 0-0 23. Nec4 Re8+ 24. Kf3 Rc2 25. Rhc1 Rxc1 26. Rxc1 g5 27. Nd6 g4+ 28. Kg2 Re2 29. N2e4 Nxe4 30. dxe4 Ne3+ 31. Kg1 Nc2 32. Kf1 Rd2 33. Nc4 Rd4 34. Rxc2 Rxe4 35. Nd6 Ra4 36. Rc4 Rxa3 37. Rxg4+ Kf8 38. Nxb7 a5 39. Nc5 Rc3 40. Na4 Ra3 41. Re4 f6 42. Kg2 Kf7 43. Kh3 f5 44. Rf4 Kg6 45. Kh4 h5 46. h3 Ra2 47. Nc3 Rd2 48. g4 hxg4 49. hxg4 fxg4 50. Rxg4+ Kf5 51. Ne4 Ra2 52. f3 a4 53. Nc3 Ra3 54. Nb5 Ra1 55. Kg3 a3 56. Ra4 a2 57. Nd4+ Ke5 58. Nc2 Rg1+ 59. Kf2 Rh1 60. Rxa2 Rc1 61. Ke3 Rh1 62. Ra5+ Kf6 63. Ke4 Rh2 64. Ne3 Rh1 65. Ra6+ Kf7 66. f4 Rh2 67. Nd5 Re2+ 68. Kf5 Rh2 69. Ra7+ Kf8 70. Kf6 Rh6+ 71. Ke5 Rh1 72. f5 Rh2 73. f6 Rh1 1-0